| 000 | 00574nam a2200217Ia 4500 | ||
|---|---|---|---|
| 003 | OSt | ||
| 005 | 20241010054449.0 | ||
| 008 | 240925s9999 xx 000 0 und d | ||
| 020 | _a9780073397962 | ||
| 040 | _cdf | ||
| 082 | _a518 CHA | ||
| 100 | _aChapra, Steven C. | ||
| 245 | 0 | _aApplied numerical methods with MATLAB: for engineers and scientists | |
| 250 | _a4th | ||
| 260 |
_aAuckland: _bMcGraw-Hill _c,2018. |
||
| 300 |
_a544p. _b0 _fOriginal |
||
| 500 | _aIncludes Index | ||
| 600 | _aHumanities & Natural Science | ||
| 650 | _aMathematics | ||
| 942 |
_cBK _2ddc |
||
| 999 |
_c17987 _d17987 |
||